| 000 | 00547nam a2200193 a 4500 | ||
|---|---|---|---|
| 005 | 20240924065333.0 | ||
| 008 | 991125s1992 mx 000 0 spa u | ||
| 020 | _a968835144X | ||
| 035 | _aUPN01000018122 | ||
| 049 | _aCG | ||
| 050 | 4 |
_aLA427.5 _bE33 |
|
| 245 | 0 | 3 |
_aLa educación superior en México / _ccomp. Ana Hirsch Adler. |
| 260 |
_aToluca : _bUAEM : _bENSEM, _c1992. |
||
| 300 | _a113 p. | ||
| 440 | 0 |
_aCoediciones ; _v17 |
|
| 650 | 4 |
_aEducación superior _zMéxico _94968 |
|
| 700 | 1 |
_aHirsch Adler, Ana, _ecomp. _928903 |
|
| 905 | _aLibro | ||
| 999 |
_c18122 _d18122 |
||